[Event "IBCA EU-chT blind 2nd"]
[Site "Calimanesti"]
[Date "2019.10.08"]
[Round "4.1"]
[White "Bratu, Gheorghe"]
[Black "Chojnowski, Marcin"]
[Result "0-1"]
[WhiteElo "1799"]
[BlackElo "2002"]
[PlyCount "74"]
[EventDate "2019.10.05"]
[EventType "team-swiss"]
[EventRounds "9"]
[EventCountry "ROU"]
[SourceTitle "CBM 192 Extra"]
[Source "Chessbase"]
[SourceDate "2019.11.06"]
[SourceVersion "1"]
[SourceVersionDate "2019.11.06"]
[SourceQuality "1"]
[WhiteTeam "Romania"]
[BlackTeam "Poland"]
[WhiteTeamCountry "ROU"]
[BlackTeamCountry "POL"]

1. e4 c5 2. Nf3 d6 3. Bb5+ Nd7 4. 0-0 Ngf6 5. Re1 a6 6. Bf1 e5 7. c3 Be7 8. d4 0-0 9. dxe5 Nxe5 10. Nxe5 dxe5 11. Qc2 b5 12. a4 Bd7 13. axb5 axb5 14. Rxa8 Qxa8 15. c4 Rb8 16. cxb5 Bxb5 17. Bxb5 Rxb5 18. Nc3 Rb4 19. f3 h6 20. Rd1 c4 21. Be3 Qb7 22. Rd2 Rb3 23. Re2 Bb4 24. Kf2 Bxc3 25. bxc3 Qb5 26. Qc1 Rb1 27. Qa3 Rb3 28. Qc1 Nd7 29. Rc2 Nb8 30. Rd2 Nc6 31. g3 Qa4 32. Rb2 Na5 33. Bd2 Kh7 34. Qb1 Qd7 35. Qc2 Rxb2 36. Qxb2 Nb3 37. Be3 Kg6 0-1

[Event "IBCA EU-chT blind 2nd"]
[Site "Calimanesti"]
[Date "2019.10.06"]
[Round "2.1"]
[White "Szilagyi, Samuel Attila"]
[Black "Chojnowski, Marcin"]
[Result "0-1"]
[WhiteElo "1898"]
[BlackElo "2002"]
[PlyCount "84"]
[EventDate "2019.10.05"]
[EventType "team-swiss"]
[EventRounds "9"]
[EventCountry "ROU"]
[SourceTitle "CBM 192 Extra"]
[Source "Chessbase"]
[SourceDate "2019.11.06"]
[SourceVersion "1"]
[SourceVersionDate "2019.11.06"]
[SourceQuality "1"]
[WhiteTeam "Hungary"]
[BlackTeam "Poland"]
[WhiteTeamCountry "HUN"]
[BlackTeamCountry "POL"]

1. e4 c5 2. Nf3 d6 3. d4 cxd4 4. Nxd4 Nf6 5. Nc3 a6 6. h3 e5 7. Nde2 Qa5 8. Bd2 Qc7 9. g4 Be6 10. Bg2 Nc6 11. 0-0 Be7 12. Nd5 Bxd5 13. exd5 Na5 14. Qe1 Nc4 15. Bc3 b5 16. b3 Nb6 17. Qd2 Rc8 18. Rac1 0-0 19. Ba5 Qb7 20. Rfd1 Nfd7 21. Ng3 g6 22. Qe3 f5 23. f4 Bh4 24. gxf5 Bxg3 25. Qxg3 Rxf5 26. Be4 exf4 27. Qd3 Rg5+ 28. Kh2 Ne5 29. Qd4 Nbd7 30. c4 Nc5 31. Bh1 Qd7 32. Qxf4 Rh5 33. Rc3 Rf8 34. Qg3 Qf5 35. Bg2 bxc4 36. Bc7 Qd7 37. Bb6 Ncd3 38. bxc4 Nf4 39. Rd2 Qf5 40. Be3 Ng4+ 41. Kg1 Qb1+ 42. Bf1 Ne2+ 0-1

[Event "IBCA-ol blind 15th"]
[Site "Ohrid"]
[Date "2017.06.21"]
[Round "3.3"]
[White "Chojnowski, Marcin"]
[Black "Mlacnik, Franc"]
[Result "1/2-1/2"]
[WhiteElo "2077"]
[BlackElo "2008"]
[PlyCount "80"]
[EventDate "2017.06.19"]
[EventType "team-swiss"]
[EventRounds "9"]
[EventCountry "MKD"]
[SourceTitle "CBM 179 Extra"]
[Source "ChessBase"]
[SourceDate "2017.08.23"]
[SourceVersion "1"]
[SourceVersionDate "2017.08.23"]
[SourceQuality "1"]
[WhiteTeam "Poland"]
[BlackTeam "Slovenia"]
[WhiteTeamCountry "POL"]
[BlackTeamCountry "SLO"]

1. d4 f5 2. Nf3 Nf6 3. c4 e6 4. g3 c6 5. Bg2 d5 6. 0-0 Bd6 7. Nc3 0-0 8. Qc2 Ne4 9. Nxe4 fxe4 10. Ne1 Nd7 11. f3 exf3 12. Nxf3 Nf6 13. Bg5 Qe8 14. Bxf6 gxf6 15. c5 Bc7 16. e4 dxe4 17. Qxe4 Qg6 18. Rae1 Bd7 19. b4 Qxe4 20. Rxe4 a5 21. a3 axb4 22. axb4 Ra4 23. Rb1 e5 24. Ree1 e4 25. Nh4 f5 26. g4 fxg4 27. Bxe4 Ra2 28. Ng2 Rff2 29. d5 Bf5 30. d6 Bxe4 31. Rxe4 Rxg2+ 32. Kf1 Raf2+ 33. Ke1 Bd8 34. Rxg4+ Rxg4 35. Kxf2 Rd4 36. b5 cxb5 37. Rxb5 b6 38. cxb6 Rxd6 39. b7 Bb6+ 40. Kf3 Ba7 1/2-1/2

[Event "IBCA-ol blind 15th"]
[Site "Ohrid"]
[Date "2017.06.20"]
[Round "2.3"]
[White "Patev, Petko"]
[Black "Chojnowski, Marcin"]
[Result "0-1"]
[WhiteElo "1874"]
[BlackElo "2077"]
[PlyCount "68"]
[EventDate "2017.06.19"]
[EventType "team-swiss"]
[EventRounds "9"]
[EventCountry "MKD"]
[SourceTitle "CBM 179 Extra"]
[Source "ChessBase"]
[SourceDate "2017.08.23"]
[SourceVersion "1"]
[SourceVersionDate "2017.08.23"]
[SourceQuality "1"]
[WhiteTeam "Bulgaria"]
[BlackTeam "Poland"]
[WhiteTeamCountry "BUL"]
[BlackTeamCountry "POL"]

1. e4 c5 2. Nc3 a6 3. f4 b5 4. Nf3 Bb7 5. d3 e6 6. g3 d5 7. exd5 exd5 8. Bg2 Nf6 9. 0-0 Be7 10. h3 0-0 11. Ne2 d4 12. c3 dxc3 13. bxc3 Nbd7 14. g4 Nb6 15. g5 Nfd5 16. Qc2 c4 17. d4 b4 18. Ne5 bxc3 19. a3 Rb8 20. Rb1 f6 21. gxf6 Nxf6 22. Bxb7 Rxb7 23. Nxc4 Qc7 24. Qb3 Kh8 25. Nxc3 Nfd7 26. Bd2 Rbb8 27. Ne5 Nxe5 28. fxe5 Nc4 29. Rxf8+ Rxf8 30. Qb7 Qd8 31. Nd5 Nxd2 32. Rd1 Nf3+ 33. Kh1 Bxa3 34. e6 Qh4 0-1

[Event "Suwalki Warakomska Memorial-A 1st"]
[Site "Suwalki"]
[Date "2017.??.??"]
[Round "5"]
[White "Chojnowski, Marcin"]
[Black "Kumala, Aleksander"]
[Result "1/2-1/2"]
[WhiteElo "2070"]
[BlackElo "2189"]
[PlyCount "85"]
[EventDate "2017.08.11"]
[EventType "swiss"]
[EventRounds "9"]
[EventCountry "POL"]
[SourceTitle "CBM 180 Extra"]
[Source "ChessBase"]
[SourceDate "2017.10.06"]
[SourceVersion "1"]
[SourceVersionDate "2017.10.06"]
[SourceQuality "1"]

1. d4 Nf6 2. Nf3 e6 3. c4 Nc6 4. g3 Bb4+ 5. Bd2 Bxd2+ 6. Qxd2 d6 7. Bg2 0-0 8. Nc3 e5 9. 0-0 exd4 10. Nxd4 Bd7 11. Nxc6 Bxc6 12. Nd5 a5 13. Rac1 Nd7 14. e4 Re8 15. f4 Nc5 16. Rfe1 Qd7 17. h3 Bxd5 18. cxd5 Qb5 19. Rc3 f6 20. Rce3 Qb4 21. Qe2 Re7 22. Kh2 Rae8 23. g4 c6 24. dxc6 bxc6 25. a3 Qa4 26. b4 axb4 27. Qc4+ Kh8 28. e5 g5 29. exf6 Rxe3 30. Rxe3 Rxe3 31. Qf7 Rxh3+ 32. Bxh3 Qc2+ 33. Bg2 Qg6 34. Qf8+ Qg8 35. Qxd6 Ne6 36. axb4 Nxf4 37. Qe5 Ng6 38. Qxg5 Qb8+ 39. Kh1 Qxb4 40. Qf5 Qe1+ 41. Kh2 Qe5+ 42. Qxe5 Nxe5 43. Kg3 1/2-1/2

[Event "Suwalki Warakomska Memorial-A 1st"]
[Site "Suwalki"]
[Date "2017.??.??"]
[Round "9"]
[White "Chojnowski, Marcin"]
[Black "Ocytko, Andrzej"]
[Result "0-1"]
[WhiteElo "2070"]
[BlackElo "2127"]
[PlyCount "104"]
[EventDate "2017.08.11"]
[EventType "swiss"]
[EventRounds "9"]
[EventCountry "POL"]
[SourceTitle "CBM 180 Extra"]
[Source "ChessBase"]
[SourceDate "2017.10.06"]
[SourceVersion "1"]
[SourceVersionDate "2017.10.06"]
[SourceQuality "1"]

1. d4 Nf6 2. Nf3 e6 3. c4 d5 4. g3 Bb4+ 5. Bd2 Be7 6. Bg2 0-0 7. 0-0 c6 8. Qc2 Nbd7 9. b3 Ne4 10. Nc3 Nxd2 11. Nxd2 f5 12. e3 Nf6 13. f3 Bd7 14. e4 c5 15. e5 Ne8 16. cxd5 cxd4 17. Ne2 Bb5 18. Nc4 Qxd5 19. Nf4 Qd7 20. Rfd1 Rc8 21. Kh1 Bxc4 22. bxc4 Bc5 23. Nd3 b6 24. f4 Nc7 25. a4 a5 26. Rab1 Na6 27. Nxc5 bxc5 28. Bb7 Nb4 29. Bxc8 Rxc8 30. Qb3 d3 31. Rd2 Rd8 32. Qd1 Qc6+ 33. Kg1 Rd4 34. Rxb4 cxb4 35. Rxd3 Rxd3 36. Qxd3 Qb6+ 37. Kf1 b3 38. Qd7 h6 39. c5 Qa6+ 40. Kf2 b2 41. Qe8+ Kh7 42. Qb8 Qc4 43. Qxb2 Qxc5+ 44. Kg2 Qc6+ 45. Kh3 Qxa4 46. Qb6 Qa2 47. g4 Qe2 48. gxf5 Qf3+ 49. Kh4 exf5 50. Qg1 Qxf4+ 51. Kh3 Qf3+ 52. Kh4 g5+ 0-1

[Event "POL-chT blind"]
[Site "Wagrowiec"]
[Date "2016.11.17"]
[Round "7.15"]
[White "Chojnowski, Marcin"]
[Black "Zelajtys, Jozef"]
[Result "1-0"]
[WhiteElo "2012"]
[BlackElo "1706"]
[PlyCount "89"]
[EventDate "2016.11.11"]
[EventType "team-tourn"]
[EventRounds "9"]
[EventCountry "POL"]
[SourceTitle "EXT 2019"]
[Source "ChessBase"]
[SourceDate "2018.10.10"]
[SourceVersion "1"]
[SourceVersionDate "2018.10.10"]
[SourceQuality "1"]

1. d4 d5 2. Nf3 Nf6 3. c4 c6 4. g3 g6 5. Bg2 Bg7 6. 0-0 0-0 7. cxd5 cxd5 8. Nc3 Nc6 9. Bf4 Nh5 10. Bg5 h6 11. Be3 a6 12. Qb3 e6 13. Na4 b5 14. Nc5 Na5 15. Qd3 Nc4 16. Bc1 Ra7 17. b3 Nd6 18. Be3 Re7 19. Rfc1 Ra7 20. g4 Nf6 21. Ne5 Qb6 22. Rc2 b4 23. Na4 Qb5 24. Rc6 Nde4 25. Rac1 Bd7 26. Nxd7 Nxd7 27. Bxe4 dxe4 28. Qd2 g5 29. d5 Rb7 30. dxe6 fxe6 31. Rxe6 Nf6 32. h3 Rd7 33. Qc2 Rdf7 34. Qc4 Kh7 35. Rxa6 Qd5 36. Qxb4 h5 37. Ra5 Qe6 38. Nc5 Qe7 39. gxh5 Nxh5 40. Qxe4+ Qxe4 41. Nxe4 Bh6 42. Nxg5+ Bxg5 43. Rxg5 Nf4 44. Bxf4 Rxf4 45. Rc4 1-0

[Event "Berlin Lichtenrade op 12th"]
[Site "Berlin"]
[Date "2016.10.29"]
[Round "8"]
[White "Idaczek, Guenter"]
[Black "Chojnowski, Marcin"]
[Result "1/2-1/2"]
[WhiteElo "1916"]
[BlackElo "2012"]
[PlyCount "91"]
[EventDate "2016.10.22"]
[EventType "swiss"]
[EventRounds "9"]
[EventCountry "GER"]
[SourceTitle "EXT 2018"]
[Source "ChessBase"]
[SourceDate "2017.10.13"]
[SourceVersion "1"]
[SourceVersionDate "2017.10.13"]
[SourceQuality "1"]

1. e4 c5 2. d3 d6 3. Nd2 g6 4. g3 Bg7 5. Bg2 Nc6 6. Ngf3 Nf6 7. 0-0 0-0 8. c3 Nd7 9. a4 b6 10. Nc4 Ba6 11. Ne3 Rc8 12. Re1 Nde5 13. Nxe5 Nxe5 14. Bf1 Nc6 15. Bh3 e6 16. f4 f5 17. Bg2 Kh8 18. Kh1 Qf6 19. Nc2 e5 20. Be3 Rfd8 21. Na3 Bb7 22. Nb5 a6 23. Na3 Ne7 24. Nc4 b5 25. Nb6 Rb8 26. a5 exf4 27. gxf4 Qh4 28. Qe2 g5 29. fxg5 Be5 30. Bf3 fxe4 31. dxe4 Bxe4 32. Bxe4 Qxe4+ 33. Qg2 Qh4 34. Bf2 Qh5 35. Bxc5 Ng6 36. Bd4 Nf4 37. Rxe5 dxe5 38. Bxe5+ Kg8 39. Qf1 Ne2 40. Qf6 Ng3+ 41. Bxg3 Rd1+ 42. Rxd1 Qxd1+ 43. Kg2 Rf8 44. Qe6+ Rf7 45. Qe8+ Rf8 46. Qe6+ 1/2-1/2

[Event "IBCA EU-chT blind 01st"]
[Site "Warsaw"]
[Date "2016.07.27"]
[Round "4.2"]
[White "Chojnowski, Marcin"]
[Black "Donmez, Unal"]
[Result "1-0"]
[WhiteElo "1983"]
[BlackElo "1827"]
[PlyCount "101"]
[EventDate "2016.07.24"]
[EventType "team-swiss"]
[EventRounds "9"]
[EventCountry "POL"]
[SourceTitle "CBM 173 Extra"]
[Source "ChessBase"]
[SourceDate "2016.08.29"]
[SourceVersion "1"]
[SourceVersionDate "2016.08.29"]
[SourceQuality "1"]
[WhiteTeam "Poland II"]
[BlackTeam "Turkey"]
[WhiteTeamCountry "POL"]
[BlackTeamCountry "TUR"]

1. e4 e5 2. Nf3 Nc6 3. Bb5 a6 4. Bxc6 dxc6 5. 0-0 Bg4 6. d3 Bd6 7. Nbd2 b5 8. h3 Bh5 9. c3 c5 10. Re1 Ne7 11. a4 c6 12. Nf1 Bxf3 13. Qxf3 0-0 14. Ng3 b4 15. Be3 bxc3 16. bxc3 Qa5 17. d4 cxd4 18. cxd4 Rab8 19. Qg4 Rfe8 20. f4 exf4 21. Nh5 Ng6 22. Bxf4 f5 23. Qg5 Bxf4 24. Nxf4 Qd2 25. Ne6 Qxg5 26. Nxg5 h6 27. exf5 Nh4 28. Ne6 Nxf5 29. g4 Nh4 30. Re2 Re7 31. Nf4 Rf7 32. Rf1 Rbf8 33. Ref2 g5 34. Ne6 Rxf2 35. Rxf2 Re8 36. Rf6 Kh7 37. Kf2 Ng6 38. Nc5 Rd8 39. Ke3 Re8+ 40. Kd3 Nf4+ 41. Kc4 Rc8 42. Nxa6 Kg7 43. Rd6 Nxh3 44. Nb4 h5 45. gxh5 g4 46. Rg6+ Kf7 47. Rxg4 Ke7 48. a5 Kd7 49. a6 Kc7 50. Kc5 Nf2 51. Rg7+ 1-0

[Event "WchT Silent"]
[Site "Opatija"]
[Date "2014.06.22"]
[Round "4.3"]
[White "Skorobogatykh, Andrey"]
[Black "Chojnowski, Marcin"]
[Result "0-1"]
[WhiteElo "2073"]
[BlackElo "2084"]
[PlyCount "104"]
[EventDate "2014.06.19"]
[EventType "team-swiss"]
[EventRounds "9"]
[EventCountry "CRO"]
[SourceTitle "CBM 161 Extra"]
[Source "ChessBase"]
[SourceDate "2014.08.29"]
[SourceVersion "1"]
[SourceVersionDate "2014.08.29"]
[SourceQuality "1"]
[WhiteTeam "Russia"]
[BlackTeam "Poland"]
[WhiteTeamCountry "RUS"]
[BlackTeamCountry "POL"]

1. e4 c5 2. Nf3 d6 3. d4 cxd4 4. Nxd4 Nf6 5. Nc3 a6 6. h3 e5 7. Nde2 Be6 8. g4 b5 9. g5 Nfd7 10. Be3 Nc6 11. Ng3 Na5 12. b3 Rc8 13. Nd5 Nc6 14. c3 Ne7 15. Qd2 Bxd5 16. exd5 f5 17. gxf6 Nxf6 18. Bg2 g6 19. Bg5 Bg7 20. h4 0-0 21. h5 Nxh5 22. Nxh5 gxh5 23. Bh3 Rc7 24. Be6+ Kh8 25. Rxh5 Qe8 26. Rh3 Qg6 27. Rc1 Nf5 28. Bxf5 Qxf5 29. Rg3 b4 30. c4 Rcf7 31. Be3 e4 32. Bd4 Be5 33. Qe3 Qf6 34. Rd1 Rg7 35. Rxg7 Kxg7 36. Qxe4 Re8 37. Kf1 Bxd4 38. Qxd4 Re5 39. Rd3 Kf7 40. Rh3 Re1+ 41. Kxe1 Qxd4 42. Rxh7+ Kg6 43. Rd7 Kf5 44. Kf1 Qa1+ 45. Kg2 Qxa2 46. Rxd6 Qxb3 47. Rxa6 Qxc4 48. Ra5 Kf4 49. d6 Qc6+ 50. Kg1 Qxd6 51. Rb5 Qg6+ 52. Kf1 Qd3+ 0-1

[Event "POL-ch blind"]
[Site "Jastrzebia Gora"]
[Date "2011.05.31"]
[Round "10.1"]
[White "Chojnowski, Marcin"]
[Black "Dukaczewski, Piotr"]
[Result "0-1"]
[WhiteElo "2147"]
[BlackElo "2295"]
[PlyCount "46"]
[EventDate "2011.05.31"]
[EventType "tourn"]
[EventRounds "11"]
[EventCountry "POL"]
[SourceTitle "EXT 2023"]
[Source "ChessBase"]
[SourceDate "2022.10.05"]
[SourceVersion "1"]
[SourceVersionDate "2022.10.05"]
[SourceQuality "1"]

1. e4 c5 2. Nf3 Nc6 3. d4 cxd4 4. Nxd4 Nf6 5. Nc3 d6 6. Bc4 Qb6 7. Nb3 e6 8. 0-0 a6 9. Kh1 Be7 10. f4 0-0 11. Qe2 Qc7 12. a4 b6 13. Be3 Bb7 14. Rae1 Nb4 15. f5 Nxc2 16. Bxb6 Qxb6 17. Qxc2 Rac8 18. Nd2 e5 19. h3 Rfd8 20. b4 d5 21. exd5 Bxb4 22. Rb1 a5 23. Qb3 Qd4 0-1

[Event "POL-ch blind"]
[Site "Jastrzebia Gora"]
[Date "2011.05.31"]
[Round "11.1"]
[White "Gunajew, Rafal"]
[Black "Chojnowski, Marcin"]
[Result "1-0"]
[WhiteElo "2272"]
[BlackElo "2147"]
[PlyCount "69"]
[EventDate "2011.05.31"]
[EventType "tourn"]
[EventRounds "11"]
[EventCountry "POL"]
[SourceTitle "EXT 2023"]
[Source "ChessBase"]
[SourceDate "2022.10.05"]
[SourceVersion "1"]
[SourceVersionDate "2022.10.05"]
[SourceQuality "1"]

1. e4 c5 2. Nf3 Nc6 3. d4 cxd4 4. Nxd4 Nf6 5. Nc3 e5 6. Ndb5 d6 7. Bg5 a6 8. Na3 b5 9. Nd5 Be7 10. Bxf6 Bxf6 11. c3 Ne7 12. Nc2 Nxd5 13. exd5 Bg5 14. a4 bxa4 15. Nb4 0-0 16. Qxa4 e4 17. Qc6 Bg4 18. Bxa6 e3 19. f3 Bh4+ 20. Ke2 Bd7 21. Qc4 Rb8 22. Ra2 Qg5 23. g3 Qg6 24. Qxh4 Rxb4 25. Qxb4 Qc2+ 26. Kxe3 Re8+ 27. Kd4 Qf2+ 28. Kc4 Qxf3 29. Qxd6 Qe4+ 30. Kb3 Bf5 31. Rf1 Qc2+ 32. Kb4 Bg6 33. Rf4 Qxh2 34. Rc4 Bb1 35. Ka3 1-0

[Event "POL-ch blind"]
[Site "Jastrzebia Gora"]
[Date "2011.05.31"]
[Round "3.1"]
[White "Mackowiak, Marek"]
[Black "Chojnowski, Marcin"]
[Result "1-0"]
[WhiteElo "2215"]
[BlackElo "2147"]
[PlyCount "93"]
[EventDate "2011.05.31"]
[EventType "tourn"]
[EventRounds "11"]
[EventCountry "POL"]
[SourceTitle "EXT 2023"]
[Source "ChessBase"]
[SourceDate "2022.10.05"]
[SourceVersion "1"]
[SourceVersionDate "2022.10.05"]
[SourceQuality "1"]

1. c4 Nf6 2. Nc3 g6 3. d4 Bg7 4. Nf3 0-0 5. e4 d6 6. Be2 e5 7. dxe5 dxe5 8. Qxd8 Rxd8 9. Bg5 Re8 10. h3 c6 11. 0-0-0 Nfd7 12. Nd2 Na6 13. Nb3 Ndc5 14. Nxc5 Nxc5 15. Be3 Ne6 16. Bg4 f6 17. Rd2 Bf8 18. b3 Kf7 19. Kb2 h5 20. Bxe6+ Bxe6 21. Rhd1 Reb8 22. f3 b5 23. cxb5 cxb5 24. Nd5 Rc8 25. Rd3 Bc5 26. Rc1 Bxe3 27. Nxe3 Rxc1 28. Kxc1 Ke7 29. Nd5+ Bxd5 30. Rxd5 a6 31. Kb2 Rc8 32. Rd2 Rc5 33. Rc2 Kd6 34. b4 Rxc2+ 35. Kxc2 h4 36. Kd3 Ke6 37. Ke3 g5 38. Kf2 Kf7 39. g3 Kg6 40. gxh4 gxh4 41. Ke3 Kg5 42. f4+ Kg6 43. Kf3 Kh6 44. fxe5 fxe5 45. Kg4 Kg6 46. Kxh4 Kf6 47. Kh5 1-0

[Event "POL-ch blind"]
[Site "Jastrzebia Gora"]
[Date "2011.05.31"]
[Round "7.1"]
[White "Pawelec, Bartosz"]
[Black "Chojnowski, Marcin"]
[Result "1-0"]
[WhiteElo "2045"]
[BlackElo "2147"]
[PlyCount "71"]
[EventDate "2011.05.31"]
[EventType "tourn"]
[EventRounds "11"]
[EventCountry "POL"]
[SourceTitle "EXT 2023"]
[Source "ChessBase"]
[SourceDate "2022.10.05"]
[SourceVersion "1"]
[SourceVersionDate "2022.10.05"]
[SourceQuality "1"]

1. e4 c5 2. c3 Nf6 3. e5 Nd5 4. d4 cxd4 5. cxd4 Nc6 6. Nc3 e6 7. Nf3 d6 8. Bd2 Nxc3 9. Bxc3 a6 10. Bd3 b5 11. Be4 d5 12. Bd3 Qb6 13. 0-0 Be7 14. Rc1 Bd7 15. Bb1 h6 16. Kh1 Rc8 17. Bd2 b4 18. Be3 Na5 19. Rxc8+ Bxc8 20. b3 Bd7 21. Ng1 Bb5 22. Re1 Nc6 23. Qg4 g5 24. Qd1 Kd7 25. f4 gxf4 26. Bf2 h5 27. Nh3 f6 28. exf6 Bxf6 29. Nxf4 Bxd4 30. Bh4 Rf8 31. Nxe6 Rf6 32. Bxf6 Bxf6 33. Qxd5+ Kc8 34. Nc5 Nd4 35. Re8+ Kc7 36. Qf7+ 1-0

[Event "POL-ch blind"]
[Site "Jastrzebia Gora"]
[Date "2011.05.31"]
[Round "5.1"]
[White "Suder, Ryszard"]
[Black "Chojnowski, Marcin"]
[Result "1/2-1/2"]
[WhiteElo "2235"]
[BlackElo "2147"]
[PlyCount "100"]
[EventDate "2011.05.31"]
[EventType "tourn"]
[EventRounds "11"]
[EventCountry "POL"]
[SourceTitle "EXT 2023"]
[Source "ChessBase"]
[SourceDate "2022.10.05"]
[SourceVersion "1"]
[SourceVersionDate "2022.10.05"]
[SourceQuality "1"]

1. Nf3 Nf6 2. g3 d5 3. Bg2 c6 4. 0-0 Bf5 5. b3 h6 6. Bb2 Bh7 7. d3 e6 8. Nbd2 Be7 9. e4 0-0 10. Qe2 a5 11. a4 Na6 12. e5 Nd7 13. Nd4 Qc7 14. f4 Ndc5 15. Bh3 b5 16. axb5 cxb5 17. Nxb5 Qb6 18. d4 Nd3 19. cxd3 Qxb5 20. f5 exf5 21. Bxf5 Bxf5 22. Rxf5 Nb4 23. Ba3 Rac8 24. e6 f6 25. Bxb4 Qxb4 26. Ra4 Qb7 27. Nf1 g6 28. Rf2 Bb4 29. e7 Qxe7 30. Qxe7 Bxe7 31. Rxa5 Rc3 32. Rxd5 Rxd3 33. Rd7 Rf7 34. Rc2 Bf8 35. Rd8 Kg7 36. Rcc8 f5 37. d5 f4 38. gxf4 Rxf4 39. Rd7+ Rf7 40. Rcc7 Rxd7 41. Rxd7+ Kf6 42. Rb7 Ke5 43. Kg2 Rxd5 44. b4 Kd4 45. b5 Bc5 46. b6 Kd3 47. Rb8 Rd7 48. b7 Ba7 49. Rg8 Rxb7 50. Rxg6 Rb6 1/2-1/2